000 00423nam a2200169Ia 4500
005 20250603145527.0
008 250603s9999 xx 000 0 und d
020 _a9781451185669
050 _aRD 731 .P63/
100 _aBoughanem, Jay (Jamal)
245 0 _aPocket orthopaedic surgery
260 _aPhiladelphia
260 _bLippincott Williams & Wilkins
260 _c2016
650 _aPhiladelphia
942 _cBK
999 _c42120
_d42120